Top 30 Pharrell Williams Songs - Statistics

General Stats
  • This quiz has been taken 11 times
  • The average score is 3 of 30
Answer Stats
# Song Rating % Correct
1. Frontin' 97
100%
22. Baby 82
33%
27. Marilyn Monroe 79
33%
4. Number One 92
33%
7. Stay With Me 89
33%
3. That Girl 93
33%
17. 4EVA 84
0%
21. All Things Considered 82
0%
19. Angel 84
0%
30. Ball 77
0%
14. Best Friend 86
0%
6. Blast Off 90
0%
12. By the Grace of God 87
0%
13. Can I Have It Like That 86
0%
25. Dandy Lying 81
0%
2. Despicable Me 96
0%
9. E.B.I.T.D.A. 87
0%
26. Going Back To VA 79
0%
20. Gust of Wind 83
0%
29. HOROSCOPE 77
0%
8. How Does It Feel? 89
0%
28. Keep It Playa 78
0%
24. Maybe (Remix) 82
0%
23. Raspy Shit 82
0%
18. Skateboard P Presents: Show You How To Hustle 84
0%
11. So Far Ahead 87
0%
16. Take It Off (Dim the Lights) 85
0%
10. Water 87
0%
15. You Can Do It Too 85
0%
5. Young Girl / I Really Like You 90
0%
No matching quizzes found
Score Distribution
Percent of People with Each Score
Percentile by Number Answered
Your Score History
You have not taken this quiz